000 01003nam a2200241 a 4500
001 000005858
005 20200929151820.0
008 090824s2009 dr 001 0 spa d
020 _a9789945408256
040 _aDO-SdBNP
_bspa
_cBNPHU
082 _a248.4
_bM998s
100 1 _aMyrthil Mompremier, Jimmy
_916518
245 1 0 _aSuggestions a l´humanite = Suggestions to humanity = Propuesta a la humanidad :
_bles grands défits de l'homme face à la societé = the great challenges of man = los grandes desafíos /
_cJimmy Myrthil Mompremier.
260 _aSanto Domingo :
_aArgos,
_c2009.
300 _a85 p. ; :
_b22 cm.
504 _aBibliografía : p. 83.
546 _aFrancés, Inglés, Español.
590 _aInventariado, 2018/BT
650 4 _aProblemas sociales
_xEnsayos, conferencias, etc.
_916519
650 4 _aCambio social
_xEnsayos, conferencias, etc.
_916520
650 4 _aTecnología y civilización
_xEnsayos, conferencias, etc.
_916521
910 _aValidado. Control de calidad. EMS
999 _c5654
_d5654